00626cam a22002053a 45000010005000000030006000050050017000110080041000280400015000690420007000840500009000911000030001002450097001302600029002275060030002565160020002866530045003068300028003518560041003797046PGUSA20140828083140.0041201s2004||||xxu|||||s|||||000 | eng d aPGUSAbeng adc 4aF0011 aWhitcomb, Harriet Manning10aAnnals and Reminiscences of Jamaica Plainh[electronic resource] /cHarriet Manning Whitcomb bProject Gutenberg,c2004 aPublic domain in the USA. aElectronic text aJamaica Plain (Boston, Mass.) -- History 0aProject Gutenbergv704640uhttp://www.gutenberg.org/ebooks/7046